Electrical hazards and accidents : (Record no. 145284)

MARC details
000 -LEADER
fixed length control field 00944pam a2200313 a 4500
001 - CONTROL NUMBER
control field ocm23940959
003 - CONTROL NUMBER IDENTIFIER
control field 0
005 - DATE AND TIME OF LATEST TRANSACTION
control field 20230123133239.0
008 - FIXED-LENGTH DATA ELEMENTS--GENERAL INFORMATION
fixed length control field 910528s1991 nyua b 001 0 eng
010 ## - LIBRARY OF CONGRESS CONTROL NUMBER
LC control number 91023009
015 ## - NATIONAL BIBLIOGRAPHY NUMBER
National bibliography number GB93-35534
020 ## - INTERNATIONAL STANDARD BOOK NUMBER
International Standard Book Number 0442237995
029 1# - OTHER SYSTEM CONTROL NUMBER (OCLC)
OCLC library identifier UKM
System control number b9335534
035 ## - SYSTEM CONTROL NUMBER
-- H130
040 ## - CATALOGING SOURCE
Original cataloging agency DLC
Transcribing agency NUST
Modifying agency UKM
049 ## - LOCAL HOLDINGS (OCLC)
Holding library MAIN
090 ## - LOCALLY ASSIGNED LC-TYPE CALL NUMBER (OCLC); LOCAL CALL NUMBER (RLIN)
Classification number (OCLC) (R) ; Classification number, CALL (RLIN) (NR) TK152
245 00 - TITLE STATEMENT
Title Electrical hazards and accidents :
Remainder of title their cause and prevention /
Statement of responsibility, etc. edited by E.K. Greenwald.
260 ## - PUBLICATION, DISTRIBUTION, ETC.
Place of publication, distribution, etc. New York :
Name of publisher, distributor, etc. Van Nostrand Reinhold,
Date of publication, distribution, etc. c1991.
300 ## - PHYSICAL DESCRIPTION
Extent xii, 200 p. :
Other physical details ill. ;
Dimensions 24 cm.
504 ## - BIBLIOGRAPHY, ETC. NOTE
Bibliography, etc. note Includes bibliographical references and index.
650 #0 - SUBJECT ADDED ENTRY--TOPICAL TERM
Topical term or geographic name entry element Electric engineering
General subdivision Safety measures.
650 #0 - SUBJECT ADDED ENTRY--TOPICAL TERM
Topical term or geographic name entry element Industrial safety.
653 0# - INDEX TERM--UNCONTROLLED
Uncontrolled term Buildings
-- Electrical equipment
-- Safety
700 1# - ADDED ENTRY--PERSONAL NAME
Personal name Greenwald, E. K.
907 ## - LOCAL DATA ELEMENT G, LDG (RLIN)
a .b10063134
b 17-04-03
c 17-04-03
994 ## -
-- 92
-- ZNA
942 ## - ADDED ENTRY ELEMENTS (KOHA)
Koha item type Ordinary Loan Books
Call number prefix TK152
Holdings
Date last seen Total Checkouts Full call number Barcode Cost, replacement price Price effective from Koha item type Lost status Source of classification or shelving scheme Damaged status Not for loan Collection Withdrawn status Home library Current library Shelving location Date acquired Cost, normal purchase price
01/23/2023   TK152 ELE 92003018029 80.00 01/23/2023 BOOKS   LCC     NFIC   MAIN MAIN GEN 01/23/2023 80.00